000 00201 a2200097 4500
001 20521
100 _aChorlton F
245 _aText Book of Dynamics
260 _a
_bE L B S
_c
090 _c14917
_d14917
942 _aNUST-CAE
_cM
_c5466
999 _c255594
_d255594